[Event "Olimpiada Calviá 2004"]
[Site "Calviá ESP"]
[Date "2004.10.23"]
[Round "8.26"]
[White "Yilmaz, Turhan"]
[Black "Solomon, Stephen J"]
[Result "0-1"]
[WhiteElo "2361"]
[BlackElo "2435"]
[PlyCount "114"]
[EventDate "2004.10.15"]
[EventType "team"]
[EventRounds "14"]
[EventCountry "ESP"]
[Source "lmi"]
[SourceDate "2004.10.27"]

1. e4 c5 2. Nf3 d6 3. d4 cxd4 4. Qxd4 Bd7 5. c4 Nc6 6. Qd2 Nf6 7. Nc3 g6 8. b3
Bg7 9. Bb2 O-O 10. Be2 Qa5 11. Rb1 Rfc8 12. O-O a6 13. a3 Qd8 14. h3 Rab8 15.
Rfd1 Na5 16. Ba1 Nxe4 17. Nxe4 Bxa1 18. Rxa1 Nxb3 19. Qh6 Qf8 20. Qxf8+ Kxf8
21. Rab1 Na5 22. Rb4 Be6 23. Ned2 f6 24. Nd4 Bf7 25. Rdb1 e5 26. N4b3 Nc6 27.
Rb6 f5 28. g3 Ke7 29. f4 Kd7 30. c5 Kc7 31. fxe5 dxe5 32. Bc4 Be8 33. Bd5 Ne7
34. Be6 Rd8 35. Nc4 Bc6 36. Nba5 Be4 37. R1b3 Rd1+ 38. Kf2 f4 39. gxf4 exf4 40.
Nd6 Bh1 41. Ndxb7 Nf5 42. Bxf5 gxf5 43. Rh6 Rg8 44. Rxh7+ Kb8 45. Nd8+ Kc8 46.
Rb8+ Kxb8 47. Ndc6+ Kc8 48. Ne7+ Kd8 49. Nxg8 f3 50. Nb7+ Kc8 51. Nd6+ Kb8 52.
Ne7 Rd2+ 53. Kg3 f2 54. c6 f1=Q 55. c7+ Kxc7 56. Nexf5+ Kc6 57. Kg4 Rxd6 0-1

[Event "Olimpiada Calviá 2004"]
[Site "Calviá ESP"]
[Date "2004.10.23"]
[Round "8.28"]
[White "Winants, Luc"]
[Black "Wu, Shaobin"]
[Result "1/2-1/2"]
[WhiteElo "2519"]
[BlackElo "2504"]
[PlyCount "67"]
[EventDate "2004.10.15"]
[EventType "team"]
[EventRounds "14"]
[EventCountry "ESP"]
[Source "lmi"]
[SourceDate "2004.10.27"]

1. d4 d5 2. Bf4 Nf6 3. e3 e6 4. Nd2 Be7 5. Bd3 O-O 6. Ngf3 c5 7. c3 b6 8. Ne5
Bb7 9. Qf3 a6 10. g4 Nc6 11. g5 Nxe5 12. dxe5 Ne4 13. Nxe4 dxe4 14. Bxe4 Bxe4
15. Qxe4 Bxg5 16. Bxg5 Qxg5 17. O-O-O f6 18. Rhg1 Qxe5 19. Qb7 g6 20. Rd7 Qh5
21. Qxb6 Rae8 22. Qxa6 Qxh2 23. Rf1 Qg2 24. Rfd1 Rf7 25. Qb5 Ref8 26. Rxf7 Rxf7
27. Qxc5 Qxf2 28. a4 Kg7 29. Qb6 h5 30. a5 h4 31. a6 h3 32. a7 Qf3 33. Rd2 Qh1+
34. Rd1 1/2-1/2

[Event "Olimpiada Calviá 2004"]
[Site "Calviá ESP"]
[Date "2004.10.23"]
[Round "8.28"]
[White "Goh Koon-Jong, Jason"]
[Black "Van Der Stricht, Geert"]
[Result "0-1"]
[WhiteElo "2419"]
[BlackElo "2413"]
[PlyCount "80"]
[EventDate "2004.10.15"]
[EventType "team"]
[EventRounds "14"]
[EventCountry "ESP"]
[Source "lmi"]
[SourceDate "2004.10.27"]

1. d4 Nf6 2. c4 e6 3. Nc3 Bb4 4. e3 O-O 5. Nge2 d5 6. a3 Be7 7. Ng3 b6 8. cxd5
exd5 9. Bd3 Re8 10. O-O c5 11. Nh5 Nbd7 12. Nf4 c4 13. Bc2 Bb7 14. Qf3 Bd6 15.
Nfxd5 Nxd5 16. Nxd5 Rb8 17. Qf5 Nf8 18. Nc3 a6 19. e4 b5 20. Be3 Bc8 21. Qh5 g6
22. Qe2 f6 23. Rad1 Qe7 24. f4 Bb7 25. e5 Bc7 26. Be4 Bb6 27. a4 Ba5 28. Nd5
Bxd5 29. Bxd5+ Kh8 30. axb5 axb5 31. Bc6 Red8 32. d5 Bb6 33. Bxb6 Rxb6 34. Qf2
Rbb8 35. Qd4 Ne6 36. exf6 Qf8 37. Qe5 Nc5 38. f7+ Qg7 39. Rfe1 Nd3 40. Qxb8
Qd4+ 0-1

[Event "Olimpiada Calviá 2004"]
[Site "Calviá ESP"]
[Date "2004.10.23"]
[Round "8.28"]
[White "Abolianin, Arthur"]
[Black "Goh, Weiming"]
[Result "1/2-1/2"]
[WhiteElo "2412"]
[BlackElo "2353"]
[PlyCount "120"]
[EventDate "2004.10.15"]
[EventType "team"]
[EventRounds "14"]
[EventCountry "ESP"]
[Source "lmi"]
[SourceDate "2004.10.27"]

1. c4 Nc6 2. Nc3 e5 3. g3 g6 4. Bg2 Bg7 5. Rb1 d6 6. b4 f5 7. b5 Nce7 8. e3 Nf6
9. Nge2 O-O 10. O-O c5 11. bxc6 bxc6 12. Qa4 Qc7 13. d4 Be6 14. c5 dxc5 15.
dxe5 Qxe5 16. f4 Qc7 17. Qa3 Nd7 18. e4 fxe4 19. Nxe4 Bc4 20. Re1 Nf5 21. Bb2
Rab8 22. Bxg7 Nxg7 23. Rbc1 Rb4 24. Rxc4 Rxc4 25. Qb3 Nb6 26. Nd2 Qf7 27. Nxc4
Qxc4 28. Qxc4+ Nxc4 29. Rc1 Re8 30. Bxc6 Rxe2 31. Bd5+ Kf8 32. Bxc4 Rd2 33. Bb3
Nf5 34. Rxc5 Ne3 35. Rc7 Rg2+ 36. Kh1 Rf2 37. Rc1 a5 38. Re1 Ng4 39. Kg1 Rxh2
40. Be6 Rh3 41. Kg2 Rh2+ 42. Kf3 h5 43. Bxg4 hxg4+ 44. Kxg4 Rxa2 45. Kg5 Kf7
46. Rb1 Re2 47. Rb6 Re6 48. Rxe6 Kxe6 49. Kxg6 a4 50. f5+ Ke7 51. Kg7 a3 52.
f6+ Ke6 53. f7 a2 54. f8=Q a1=Q+ 55. Kg8 Qd4 56. Qf7+ Ke5 57. Qh5+ Ke4 58. Qh4+
Ke3 59. g4 Kf3 60. Qh3+ Kf4 1/2-1/2

[Event "Olimpiada Calviá 2004"]
[Site "Calviá ESP"]
[Date "2004.10.23"]
[Round "8.28"]
[White "Chan, Peng-Kong"]
[Black "Laurent, Bruno"]
[Result "1/2-1/2"]
[WhiteElo "2339"]
[BlackElo "2335"]
[PlyCount "50"]
[EventDate "2004.10.15"]
[EventType "team"]
[EventRounds "14"]
[EventCountry "ESP"]
[Source "lmi"]
[SourceDate "2004.10.27"]

1. d4 Nf6 2. c4 e6 3. Nc3 Bb4 4. Qc2 c5 5. dxc5 O-O 6. a3 Bxc5 7. b4 Be7 8. Bb2
a5 9. b5 b6 10. Nf3 Bb7 11. e3 d6 12. Bd3 Nbd7 13. Na4 Rc8 14. Qe2 Qc7 15. O-O
Ne5 16. Nxe5 dxe5 17. Rac1 Nd7 18. Bb1 Nc5 19. Nxc5 Bxc5 20. Kh1 Rcd8 21. a4
Qd6 22. Rcd1 Qc7 23. Rxd8 Rxd8 24. Rd1 Rxd1+ 25. Qxd1 Qd6 1/2-1/2

[Event "Olimpiada Calviá 2004"]
[Site "Calviá ESP"]
[Date "2004.10.23"]
[Round "8.29"]
[White "Dizdarevic, Emir"]
[Black "Berend, Fred"]
[Result "1/2-1/2"]
[WhiteElo "2538"]
[BlackElo "2378"]
[PlyCount "88"]
[EventDate "2004.10.15"]
[EventType "team"]
[EventRounds "14"]
[EventCountry "ESP"]
[Source "lmi"]
[SourceDate "2004.10.27"]

1. d4 e6 2. Nf3 c5 3. e3 Nf6 4. Bd3 b6 5. O-O Bb7 6. b3 Be7 7. Bb2 O-O 8. Nbd2
d6 9. Qe2 Nbd7 10. Rfd1 Re8 11. c4 Qc7 12. Rac1 Rac8 13. Bb1 Qb8 14. Nf1 Qa8
15. Ng3 cxd4 16. Bxd4 Nf8 17. Bxf6 gxf6 18. Nd2 Ng6 19. Be4 d5 20. cxd5 f5 21.
Rxc8 Rxc8 22. d6 Bxd6 23. Bxb7 Qxb7 24. Nc4 Bc7 25. Qb2 Bxg3 26. hxg3 Qc7 27.
a4 Rd8 28. Rc1 Rd5 29. Re1 Qd8 30. Qa1 a6 31. Rc1 h6 32. b4 b5 33. axb5 axb5
34. Na5 Ne5 35. Nb7 Qf6 36. Nc5 Kg7 37. e4 Rd4 38. exf5 Rxb4 39. fxe6 Rc4 40.
Nb3 Rxc1+ 41. Qxc1 fxe6 42. Nd4 Qxf2+ 43. Kxf2 Nd3+ 44. Ke3 Nxc1 1/2-1/2

[Event "Olimpiada Calviá 2004"]
[Site "Calviá ESP"]
[Date "2004.10.23"]
[Round "8.29"]
[White "Bakalarz, Mieczyslaw"]
[Black "Atalik, Suat"]
[Result "0-1"]
[WhiteElo "2389"]
[BlackElo "2541"]
[PlyCount "124"]
[EventDate "2004.10.15"]
[EventType "team"]
[EventRounds "14"]
[EventCountry "ESP"]
[Source "lmi"]
[SourceDate "2004.10.27"]

1. d4 d5 2. Nf3 c6 3. c4 Nf6 4. Nc3 dxc4 5. a4 Bf5 6. e3 e6 7. Bxc4 Bb4 8. O-O
O-O 9. Bd3 Bxd3 10. Qxd3 Na6 11. Rd1 c5 12. Qb5 Qe7 13. Na2 cxd4 14. Nxb4 Qxb4
15. Nxd4 Qxb5 16. Nxb5 Rfd8 17. Bd2 Nc5 18. Nd4 e5 19. Bb4 Na6 20. Be7 exd4 21.
Bxd8 Rxd8 22. Rac1 Kf8 23. Rxd4 Rxd4 24. exd4 Ke7 25. Rc8 Kd7 26. Rf8 Ke6 27.
Ra8 Ne4 28. Rxa7 Nd6 29. Ra8 h5 30. Kf1 Kd5 31. Rd8 Nb4 32. Ke2 Nc6 33. Rh8 g6
34. Kd3 Nxd4 35. b4 Nc6 36. b5 Na5 37. f3 Nac4 38. Kc3 Kc5 39. g4 hxg4 40. fxg4
Ne5 41. h3 g5 42. Kb3 b6 43. h4 Ng6 44. Rh5 Nxh4 45. Rxg5+ Kd4 46. Rh5 Ng6 47.
Rh1 Nc4 48. Rc1 Nge5 49. Rd1+ Nd3 50. a5 bxa5 51. b6 a4+ 52. Kc2 Na3+ 53. Kd2
Nc5 54. Kc1+ Ke4 55. Kb2 Nc4+ 56. Kc3 Nxb6 57. Re1+ Kd5 58. Rf1 Ne4+ 59. Kb4
Nd6 60. g5 Ke6 61. Kc5 Nbc4 62. Kb4 a3 0-1

[Event "Olimpiada Calviá 2004"]
[Site "Calviá ESP"]
[Date "2004.10.23"]
[Round "8.29"]
[White "Kurajica, Bojan"]
[Black "Weber, Jean-Marie"]
[Result "1-0"]
[WhiteElo "2541"]
[BlackElo "2232"]
[PlyCount "69"]
[EventDate "2004.10.15"]
[EventType "team"]
[EventRounds "14"]
[EventCountry "ESP"]
[Source "lmi"]
[SourceDate "2004.10.27"]

1. Nf3 c5 2. c4 Nc6 3. d4 cxd4 4. Nxd4 Nf6 5. Nc3 e6 6. e3 Bb4 7. Bd2 O-O 8.
Bd3 b6 9. Nxc6 dxc6 10. Qc2 Qc7 11. O-O-O g6 12. f3 Nd7 13. h4 Nc5 14. h5 Nxd3+
15. Qxd3 e5 16. hxg6 fxg6 17. Ne4 Bxd2+ 18. Rxd2 Bf5 19. Rhd1 Rf7 20. Qc2 Re8
21. Rd6 Kg7 22. g4 Bxe4 23. Qxe4 c5 24. Kc2 Qe7 25. R1d5 Qh4 26. Kb3 Qg3 27.
Rd7 Ree7 28. Rxe7 Rxe7 29. Ka4 Rf7 30. f4 Qxg4 31. Qxe5+ Kh6 32. Rd2 Qg3 33.
Kb5 Rf5 34. Qe7 Qg1 35. Rd7 1-0

[Event "Olimpiada Calviá 2004"]
[Site "Calviá ESP"]
[Date "2004.10.23"]
[Round "8.29"]
[White "Schartz, Alain"]
[Black "Predojevic, Borki"]
[Result "0-1"]
[WhiteElo "2123"]
[BlackElo "2509"]
[PlyCount "38"]
[EventDate "2004.10.15"]
[EventType "team"]
[EventRounds "14"]
[EventCountry "ESP"]
[Source "lmi"]
[SourceDate "2004.10.27"]

1. e4 e5 2. Nf3 d6 3. d4 exd4 4. Nxd4 Nf6 5. Nc3 Be7 6. Be2 O-O 7. O-O Re8 8.
f4 c5 9. Nb3 Nc6 10. Bf3 Bf8 11. Re1 c4 12. Nd4 d5 13. e5 Ng4 14. Nxc6 Qh4 15.
h3 Bc5+ 16. Nd4 Bxd4+ 17. Be3 Bxe3+ 18. Rxe3 Qf2+ 19. Kh1 Nxe3 0-1

[Event "Olimpiada Calviá 2004"]
[Site "Calviá ESP"]
[Date "2004.10.23"]
[Round "8.30"]
[White "Mitkov, Nikola"]
[Black "Zambrana, Osvaldo"]
[Result "1-0"]
[WhiteElo "2539"]
[BlackElo "2473"]
[PlyCount "81"]
[EventDate "2004.10.15"]
[EventType "team"]
[EventRounds "14"]
[EventCountry "ESP"]
[Source "lmi"]
[SourceDate "2004.10.27"]

1. e4 c5 2. Nc3 Nc6 3. Bb5 Nd4 4. Bc4 g6 5. Nge2 Bg7 6. O-O a6 7. Nxd4 cxd4 8.
Ne2 Nf6 9. d3 d5 10. exd5 Nxd5 11. Nf4 Nxf4 12. Bxf4 O-O 13. Qf3 Qb6 14. Bg5 e6
15. a4 Bd7 16. Qg3 e5 17. a5 Qc5 18. b3 Qc7 19. f4 e4 20. dxe4 Bb5 21. Bd3 Rac8
22. Qh3 f5 23. e5 Qd7 24. Bxb5 axb5 25. Qd3 Rc3 26. Qd2 Rfc8 27. Rac1 Kf7 28.
Rfd1 Bf8 29. Kh1 Ba3 30. Rb1 Rxc2 31. Qxd4 Qxd4 32. Rxd4 Re2 33. Rd7+ Ke6 34.
Rxb7 Bc1 35. Re7+ Kd5 36. Rd7+ Ke4 37. Rd1 Bxf4 38. Re1 Rcc2 39. a6 Be3 40.
Rxe2 Rxe2 41. Bxe3 1-0

[Event "Olimpiada Calviá 2004"]
[Site "Calviá ESP"]
[Date "2004.10.23"]
[Round "8.30"]
[White "Ferrufino, Boris"]
[Black "Vasovski, Nikola"]
[Result "0-1"]
[WhiteElo "2231"]
[BlackElo "2324"]
[PlyCount "166"]
[EventDate "2004.10.15"]
[EventType "team"]
[EventRounds "14"]
[EventCountry "ESP"]
[Source "lmi"]
[SourceDate "2004.10.27"]

1. d4 Nf6 2. Nf3 g6 3. Nbd2 d5 4. e3 Bg7 5. c4 O-O 6. b4 a5 7. b5 c5 8. bxc6
bxc6 9. Ba3 Ba6 10. Be2 Nbd7 11. O-O Re8 12. Qa4 Nb6 13. Qc2 Nfd7 14. Rfe1 Rc8
15. c5 Bxe2 16. Rxe2 Na8 17. Qa4 e5 18. Nb3 exd4 19. Nfxd4 Bxd4 20. Nxd4 Ne5
21. Bb2 Nc4 22. Bc3 Re4 23. Ree1 Qe7 24. Bxa5 Qxc5 25. Bb4 Qb6 26. Nb3 Ne5 27.
a3 Nd3 28. Reb1 Nxb4 29. axb4 Rxb4 30. Qa2 Nc7 31. Nd4 Ra8 32. Qc2 Rxa1 33.
Rxa1 c5 34. Nf3 Rb2 35. Qd1 Qb3 36. Qe1 c4 37. Nd4 Qb4 38. Qxb4 Rxb4 39. g3 c3
40. Rc1 Rc4 41. Kf1 Ne6 42. Nxe6 fxe6 43. f4 Kf7 44. Ke2 Kf6 45. g4 e5 46. h3
exf4 47. exf4 Rxf4 48. Rxc3 Ke5 49. Ra3 Rb4 50. Ra7 h5 51. gxh5 gxh5 52. Kf2
Rf4+ 53. Ke2 Rh4 54. Ra3 Re4+ 55. Kd2 Rd4+ 56. Ke3 Rh4 57. Ke2 Rb4 58. Ke3 Rb1
59. Kf2 h4 60. Re3+ Kd4 61. Ra3 Rc1 62. Ke2 Rc2+ 63. Kd1 Rc3 64. Ra4+ Rc4 65.
Ra3 Rb4 66. Kc2 Ke4 67. Kc3 Rd4 68. Kc2 Rb4 69. Kc3 Rb8 70. Ra4+ Ke3 71. Rxh4
Rc8+ 72. Kb2 d4 73. Rh7 d3 74. Re7+ Kd2 75. h4 Rb8+ 76. Ka3 Kc2 77. Rc7+ Kd1
78. h5 Rb6 79. Ka2 d2 80. Rc8 Re6 81. Rg8 Ke2 82. Rg2+ Ke3 83. Rg3+ Kf2 0-1

[Event "Olimpiada Calviá 2004"]
[Site "Calviá ESP"]
[Date "2004.10.23"]
[Round "8.31"]
[White "Dao, Thien Hai"]
[Black "Mosquera, Miguel"]
[Result "1-0"]
[WhiteElo "2601"]
[BlackElo "2394"]
[PlyCount "107"]
[EventDate "2004.10.15"]
[EventType "team"]
[EventRounds "14"]
[EventCountry "ESP"]
[Source "lmi"]
[SourceDate "2004.10.27"]

1. d4 d5 2. c4 c6 3. Nf3 Nf6 4. Nc3 dxc4 5. a4 Bf5 6. Nh4 Bc8 7. Nf3 Bf5 8. Ne5
e6 9. g3 Bb4 10. Bg2 Ne4 11. Bxe4 Bxe4 12. O-O Bg6 13. Nxc4 O-O 14. Be3 Nd7 15.
Qb3 a5 16. Rfc1 Qe7 17. Bf4 Rfd8 18. Na2 Nf6 19. Nxb4 axb4 20. Bd2 Rxd4 21.
Bxb4 c5 22. Bc3 Rdd8 23. Bxf6 Qxf6 24. a5 Be4 25. Nb6 Rab8 26. Qe3 Bc6 27. Rc3
Rd4 28. f3 Rbd8 29. Kf2 Qf5 30. Kg2 Rd2 31. Nc4 Rc2 32. Rxc2 Qxc2 33. Rc1 Qa4
34. Qxc5 h6 35. Nd6 Qa2 36. Kf2 Qxb2 37. a6 bxa6 38. Rc2 Qb8 39. Nxf7 Kxf7 40.
Qxc6 Qa7+ 41. Kg2 a5 42. Rc4 Qe7 43. Qb6 Rd5 44. Rc7 Rd7 45. Rxd7 Qxd7 46. Qxa5
Qd1 47. Qe5 Qe1 48. h4 g6 49. h5 g5 50. Qe4 Kf6 51. Kh3 Qc1 52. Kg4 Qc5 53.
Qg6+ Ke7 54. e4 1-0

[Event "Olimpiada Calviá 2004"]
[Site "Calviá ESP"]
[Date "2004.10.23"]
[Round "8.31"]
[White "Barrientos, Sergio"]
[Black "Nguyen, Anh Dung"]
[Result "0-1"]
[WhiteElo "2435"]
[BlackElo "2567"]
[PlyCount "76"]
[EventDate "2004.10.15"]
[EventType "team"]
[EventRounds "14"]
[EventCountry "ESP"]
[Source "lmi"]
[SourceDate "2004.10.27"]

1. e4 e5 2. Nf3 Nf6 3. Nxe5 d6 4. Nf3 Nxe4 5. d4 d5 6. Bd3 Be7 7. O-O O-O 8. c4
Nf6 9. cxd5 Nxd5 10. Nc3 Nc6 11. h3 Be6 12. Re1 Bf6 13. Be3 Ncb4 14. Be4 Re8
15. a3 Nc6 16. Qc2 h6 17. Rad1 Nce7 18. Bc1 c6 19. Ne5 Qc7 20. f4 Rad8 21. f5
Bc8 22. Ng4 Bh4 23. Rf1 f6 24. Ne3 Nxe3 25. Bxe3 Bg3 26. Qb3+ Kh8 27. Rd3 b6
28. Qc4 Nd5 29. Nxd5 cxd5 30. Bxd5 Rxd5 31. Qxd5 Bb7 32. Qb5 Bc6 33. Qb3 Bh2+
34. Kf2 Bxg2 35. Rc1 Qg3+ 36. Ke2 Bf3+ 37. Kd2 Qg2+ 38. Kc3 Bd5 0-1

[Event "Olimpiada Calviá 2004"]
[Site "Calviá ESP"]
[Date "2004.10.23"]
[Round "8.31"]
[White "Tu, Hoang Thong"]
[Black "Alzate, Dario"]
[Result "1-0"]
[WhiteElo "2499"]
[BlackElo "2427"]
[PlyCount "67"]
[EventDate "2004.10.15"]
[EventType "team"]
[EventRounds "14"]
[EventCountry "ESP"]
[Source "lmi"]
[SourceDate "2004.10.27"]

1. d4 Nf6 2. Bg5 d6 3. Bxf6 exf6 4. g3 g6 5. Bg2 f5 6. e3 Bg7 7. Ne2 Nd7 8. c4
O-O 9. Nbc3 Nf6 10. O-O Rb8 11. b4 h5 12. Qa4 a6 13. b5 Bd7 14. Qb4 axb5 15.
cxb5 h4 16. Rac1 hxg3 17. hxg3 Re8 18. a4 Ng4 19. Nd1 Bf8 20. Qc4 Qg5 21. Qxc7
Be6 22. d5 Qh5 23. Re1 Rec8 24. Qb6 Rxc1 25. Nxc1 Bc8 26. Qa7 Qh2+ 27. Kf1 f4
28. exf4 Nf6 29. Qxb8 Bh3 30. Bxh3 Qxh3+ 31. Kg1 Ng4 32. Re8 Kg7 33. Rxf8 Nh2
34. Rg8+ 1-0

[Event "Olimpiada Calviá 2004"]
[Site "Calviá ESP"]
[Date "2004.10.23"]
[Round "8.31"]
[White "Contreras, Henry"]
[Black "Dinh, Duc Trong"]
[Result "1-0"]
[WhiteElo "2307"]
[BlackElo "2392"]
[PlyCount "81"]
[EventDate "2004.10.15"]
[EventType "team"]
[EventRounds "14"]
[EventCountry "ESP"]
[Source "lmi"]
[SourceDate "2004.10.27"]

1. e4 g6 2. d4 c6 3. Nf3 Bg7 4. Nc3 d5 5. Be2 Bg4 6. Be3 e6 7. Qd2 Nf6 8. e5
Ng8 9. O-O-O Nd7 10. Ne1 Bxe2 11. Nxe2 Nb6 12. b3 a5 13. a4 Nd7 14. Nd3 b5 15.
Nc3 b4 16. Ne2 c5 17. f4 c4 18. Nc5 Nxc5 19. dxc5 cxb3 20. cxb3 h5 21. Kb1 Ne7
22. Nd4 Nf5 23. Nxf5 gxf5 24. Rc1 f6 25. Bd4 fxe5 26. Bxe5 Bxe5 27. fxe5 Rc8
28. c6 Qb6 29. Qg5 Rf8 30. Qxh5+ Rf7 31. Qh8+ Rf8 32. Qh6 Rxc6 33. Rxc6 Qxc6
34. Rc1 Qd7 35. Rc5 Rg8 36. Qc1 Kd8 37. Rxa5 Ke8 38. Qc5 Qd8 39. Ra7 Rxg2 40.
Qc6+ Kf8 41. Ra8 1-0

[Event "Olimpiada Calviá 2004"]
[Site "Calviá ESP"]
[Date "2004.10.23"]
[Round "8.32"]
[White "Cvitan, Ognjen"]
[Black "Roselli Mailhe, Bernardo"]
[Result "1-0"]
[WhiteElo "2532"]
[BlackElo "2405"]
[PlyCount "75"]
[EventDate "2004.10.15"]
[EventType "team"]
[EventRounds "14"]
[EventCountry "ESP"]
[Source "lmi"]
[SourceDate "2004.10.27"]

1. d4 Nf6 2. Nf3 g6 3. c4 Bg7 4. g3 d6 5. Bg2 O-O 6. Nc3 Nc6 7. O-O a6 8. d5
Na5 9. b3 c5 10. dxc6 Nxc6 11. Bb2 Ne4 12. Qc1 Nxc3 13. Bxc3 Bxc3 14. Qxc3 Bd7
15. Rfd1 Qc7 16. Qe3 Kg7 17. Rac1 Rfd8 18. b4 Be8 19. a3 e6 20. h4 h5 21. Ng5
Qe7 22. Ne4 d5 23. cxd5 exd5 24. Qc3+ Qe5 25. Nc5 d4 26. Qb2 b6 27. Nd3 Qf6 28.
Nf4 Rab8 29. Nd5 Qe5 30. f4 Qe6 31. e4 b5 32. Kh2 Rbc8 33. Rc5 Bd7 34. Rdc1 f6
35. Nb6 Rc7 36. Nxd7 Qxd7 37. e5 Rdc8 38. exf6+ 1-0

[Event "Olimpiada Calviá 2004"]
[Site "Calviá ESP"]
[Date "2004.10.23"]
[Round "8.32"]
[White "Curi, Gabriel"]
[Black "Zelcic, Robert"]
[Result "0-1"]
[WhiteElo "2264"]
[BlackElo "2531"]
[PlyCount "52"]
[EventDate "2004.10.15"]
[EventType "team"]
[EventRounds "14"]
[EventCountry "ESP"]
[Source "lmi"]
[SourceDate "2004.10.27"]

1. e4 d5 2. d4 dxe4 3. Nc3 c6 4. f3 exf3 5. Nxf3 Nf6 6. Bc4 Bf5 7. O-O e6 8.
Ne5 Bg6 9. g4 Nbd7 10. Nxg6 hxg6 11. g5 Qc7 12. Rf2 Bd6 13. Qe2 Nh5 14. Ne4 Nb6
15. Bb3 O-O 16. Nxd6 Qxd6 17. Be3 Nd5 18. Raf1 Ng3 19. hxg3 Qxg3+ 20. Kh1 Nxe3
21. Re1 Nf5 22. Bxe6 fxe6 23. Qxe6+ Rf7 24. Rh2 Qf3+ 25. Kg1 Nxd4 26. Qxg6 Qg3+
0-1

[Event "Olimpiada Calviá 2004"]
[Site "Calviá ESP"]
[Date "2004.10.23"]
[Round "8.32"]
[White "Dizdar, Goran"]
[Black "Bauza, Alejandro"]
[Result "1-0"]
[WhiteElo "2535"]
[BlackElo "2235"]
[PlyCount "77"]
[EventDate "2004.10.15"]
[EventType "team"]
[EventRounds "14"]
[EventCountry "ESP"]
[Source "lmi"]
[SourceDate "2004.10.27"]

1. d4 Nf6 2. Nf3 d5 3. c4 e6 4. g3 dxc4 5. Bg2 c5 6. O-O Nc6 7. Qa4 Bd7 8. Qxc4
b5 9. Qd3 c4 10. Qd1 Rc8 11. b3 cxb3 12. axb3 Qb6 13. Ne5 Nxe5 14. dxe5 Ng4 15.
e3 Nxe5 16. Bb2 f6 17. Bxe5 fxe5 18. Qh5+ g6 19. Qxe5 Rg8 20. Qe4 Bg7 21. Ra2
Kf7 22. Qf4+ Bf6 23. Nd2 Rc7 24. Ne4 e5 25. Qh6 Rg7 26. f4 Qxe3+ 27. Raf2 exf4
28. Nxf6 Kxf6 29. Kh1 Qe5 30. Rxf4+ Bf5 31. Rxf5+ Qxf5 32. Rxf5+ Kxf5 33. Qf4+
Ke6 34. Qe3+ Kf7 35. Bd5+ Kf8 36. Qf4+ Ke8 37. Qe5+ Rge7 38. Be6 Kd8 39. Qd5+
1-0

[Event "Olimpiada Calviá 2004"]
[Site "Calviá ESP"]
[Date "2004.10.23"]
[Round "8.33"]
[White "Sharavdorj, Dashzeveg"]
[Black "Ramirez, Alejandro"]
[Result "1/2-1/2"]
[WhiteElo "2466"]
[BlackElo "2519"]
[PlyCount "78"]
[EventDate "2004.10.15"]
[EventType "team"]
[EventRounds "14"]
[EventCountry "ESP"]
[Source "lmi"]
[SourceDate "2004.10.27"]

1. Nf3 d5 2. d4 Nf6 3. c4 c6 4. Nc3 a6 5. c5 Nbd7 6. Bf4 Nh5 7. e3 Nxf4 8. exf4
Qc7 9. g3 b6 10. cxb6 Qxb6 11. Qd2 Rb8 12. Rb1 e6 13. Bg2 Bb4 14. O-O O-O 15.
Qc2 a5 16. Rfc1 Ba6 17. Na4 Qb7 18. Ne5 Nxe5 19. fxe5 Bb5 20. Nc5 Bxc5 21. dxc5
Qa6 22. Rd1 Be2 23. Rd2 Bh5 24. Bf1 Qa7 25. Bd3 Bg6 26. Bxg6 hxg6 27. a3 Rb5
28. b4 axb4 29. axb4 Ra8 30. Qc3 Qa3 31. Qd4 Qf3 32. Rdb2 g5 33. Rb3 Qf5 34.
Ra1 Rbb8 35. b5 Qc2 36. Rxa8 Rxa8 37. Rb2 Qc1+ 38. Kg2 cxb5 39. Rxb5 Rc8
1/2-1/2

[Event "Olimpiada Calviá 2004"]
[Site "Calviá ESP"]
[Date "2004.10.23"]
[Round "8.33"]
[White "Gonzalez, Bernal"]
[Black "Hatanbaatar, Bazar"]
[Result "1-0"]
[WhiteElo "2423"]
[BlackElo "2427"]
[PlyCount "81"]
[EventDate "2004.10.15"]
[EventType "team"]
[EventRounds "14"]
[EventCountry "ESP"]
[Source "lmi"]
[SourceDate "2004.10.27"]

1. e4 c5 2. Nc3 e6 3. Nge2 a6 4. g3 b5 5. Bg2 Bb7 6. a3 Qc7 7. O-O Nf6 8. d3 d6
9. h3 Be7 10. Be3 O-O 11. f4 d5 12. e5 Nfd7 13. d4 Nc6 14. dxc5 Bxc5 15. Bxc5
Nxc5 16. Nd4 Na4 17. Nxa4 bxa4 18. Rf2 Rac8 19. c3 Nxd4 20. Qxd4 Bc6 21. g4 f6
22. exf6 Rxf6 23. Re1 Rcf8 24. Re5 Bd7 25. Bf1 Bc8 26. Bd3 Qf7 27. f5 exf5 28.
Bxf5 Kh8 29. Rxd5 Qc7 30. Re5 h6 31. Qe3 Qf7 32. Re7 Qg8 33. Qe5 R6f7 34. Rxf7
Qxf7 35. Qc5 Bb7 36. Bd7 Bf3 37. Bc6 Rc8 38. Qd6 Qa7 39. Bxf3 Rb8 40. Be4 Rc8
41. Qg6 1-0

[Event "Olimpiada Calviá 2004"]
[Site "Calviá ESP"]
[Date "2004.10.23"]
[Round "8.33"]
[White "Erhembayar, Duurenbayar"]
[Black "Valdes, Leonardo"]
[Result "1/2-1/2"]
[WhiteElo "2332"]
[BlackElo "2372"]
[PlyCount "89"]
[EventDate "2004.10.15"]
[EventType "team"]
[EventRounds "14"]
[EventCountry "ESP"]
[Source "lmi"]
[SourceDate "2004.10.27"]

1. d4 Nf6 2. Nf3 g6 3. c4 Bg7 4. Nc3 d5 5. cxd5 Nxd5 6. e4 Nxc3 7. bxc3 c5 8.
Rb1 O-O 9. Be2 Nc6 10. d5 Ne5 11. Nd2 e6 12. c4 exd5 13. cxd5 Re8 14. O-O b6
15. f4 Nd7 16. e5 g5 17. e6 fxe6 18. dxe6 Nf8 19. f5 Nxe6 20. Bc4 Kh8 21. fxe6
Bxe6 22. Bxe6 Rxe6 23. Nf3 Qxd1 24. Rxd1 g4 25. Ng5 Re2 26. Nf7+ Kg8 27. Nh6+
Kh8 28. Nxg4 Rf8 29. Rf1 Rxa2 30. Bg5 c4 31. Rbd1 Ra5 32. Be7 Raf5 33. Rxf5
Rxf5 34. Rd8+ Bf8 35. Bxf8 Kg8 36. Bb4+ Kf7 37. Rd7+ Ke6 38. Rxa7 h5 39. Bc3
Kd5 40. Rd7+ Kc6 41. Rd1 b5 42. Bb4 Kc7 43. Rd6 Kb7 44. g3 Kc7 45. Kg2 1/2-1/2

[Event "Olimpiada Calviá 2004"]
[Site "Calviá ESP"]
[Date "2004.10.23"]
[Round "8.33"]
[White "Hernandez Basante, Francisco"]
[Black "Byambaa, Zulzaga"]
[Result "1/2-1/2"]
[WhiteElo "2283"]
[BlackElo "2299"]
[PlyCount "73"]
[EventDate "2004.10.15"]
[EventType "team"]
[EventRounds "14"]
[EventCountry "ESP"]
[Source "lmi"]
[SourceDate "2004.10.27"]

1. d4 g6 2. e4 Bg7 3. c3 d6 4. f4 Nf6 5. Bd3 O-O 6. Nf3 c5 7. Be3 cxd4 8. cxd4
Nc6 9. h3 e5 10. fxe5 dxe5 11. d5 Nd4 12. O-O Ne8 13. Nbd2 Nxf3+ 14. Rxf3 Nd6
15. Nc4 b6 16. Bd2 f5 17. Nxd6 Qxd6 18. Qb3 a5 19. Raf1 f4 20. Rc1 Bd7 21. Bb5
a4 22. Qc4 Rfc8 23. Bc6 Bf8 24. Be1 Rab8 25. Qxa4 Bxc6 26. Rxc6 Rxc6 27. Qxc6
Qxc6 28. dxc6 Rc8 29. Bc3 Bd6 30. Rd3 Rxc6 31. Rd5 Kf7 32. Bxe5 Bxe5 33. Rxe5
Rc1+ 34. Kf2 Rc2+ 35. Kf3 Rxb2 36. a4 Kf6 37. Rd5 1/2-1/2

[Event "Olimpiada Calviá 2004"]
[Site "Calviá ESP"]
[Date "2004.10.23"]
[Round "8.34"]
[White "Isaev, Jamshed"]
[Black "Abdulla, Al-Rakib"]
[Result "1/2-1/2"]
[WhiteElo "2424"]
[BlackElo "2474"]
[PlyCount "55"]
[EventDate "2004.10.15"]
[EventType "team"]
[EventRounds "14"]
[EventCountry "ESP"]
[Source "lmi"]
[SourceDate "2004.10.27"]

1. e4 e5 2. Nf3 Nc6 3. Bb5 Nge7 4. c3 d5 5. Nxe5 dxe4 6. d4 exd3 7. Qf3 Be6 8.
Nxc6 Nxc6 9. Bxc6+ bxc6 10. Qxc6+ Bd7 11. Qd5 Bd6 12. Bg5 Qb8 13. O-O O-O 14.
Qxd3 Qxb2 15. Nd2 Bc6 16. Rfb1 Qa3 17. Nc4 Qa6 18. Qd4 h6 19. Nxd6 cxd6 20. Be7
Rfe8 21. Qxd6 Qc4 22. Re1 Rab8 23. Qd4 Qa6 24. Qg4 Bb5 25. Qg3 Rb6 26. f3 Rg6
27. Qf2 Qc6 28. Re3 1/2-1/2